000 00466nam a22001577a 4500
003 IT-RoPau
005 20220918175939.0
008 130129b xxu||||| |||| 00| 0 eng d
040 _cIT-RoPau
245 _aSolenne celebrazione eucaristica
_bQuarentesimo anniversario della morte di Maestra Tecla collaboratrice fedele e sapiente del Beato Giacomo Alberione
250 _aI
260 _aRoma
_c2004
300 _a8,2 p.
_c21 cm
490 _vI
942 _2ddc
_cBK
999 _c37861
_d37861